00956nam a2200253 a 450000100100000000500170001000800410002702000150006802000180008304000250010108200200012610000240014624501770017026000470034730000210039450400740041553400770048965000180056665000120058465000170059665000190061370000330063270000370066500000363820260213092102.0090711s2004 sp r 001 0 spa d a8449312566 a9788449312564 aDO-SdBNPbspacBNPHU a294.3927bD654c1 aDôgen,b1200-125310aCuerpo y espíritu :bla transmisión de las enseñanzas de Buda /cDôgen ; traducción Javier Palacio Tauste ; prefacio, introducción y selección Janine Coursin. aBarcelona :bPaidós,c2004fNovagráfik a135 p. ;c22 cm. aIncluye referencias bibliográficas y notas al pie de las páginas. pTítulo original:tCorps et espritcParís, Éditions Gallimard, 1998 0aBudismo (Zen) 4aBudismo 4aMeditación 0aMente y cuerpo1 aPalacio Tauste, Javier,etr.1 aCoursin, Janine,bpref., introd.